MAHARANA PRATAP (Record no. 7964)

MARC details
000 -LEADER
fixed length control field 00400nam a22001577a 4500
005 - DATE AND TIME OF LATEST TRANSACTION
control field 20250411103151.0
008 - FIXED-LENGTH DATA ELEMENTS--GENERAL INFORMATION
fixed length control field 220215b ||||| |||| 00| 0 eng d
020 ## - INTERNATIONAL STANDARD BOOK NUMBER
ISBN 9789331392609
041 ## - LANGUAGE CODE
Language code of text/sound track or separate title eng
082 ## - DEWEY DECIMAL CLASSIFICATION NUMBER
Classification number 954.092
Item number SRI-M
100 ## - MAIN ENTRY--AUTHOR NAME
Personal name SRIVASTAVA , DR KAMAL S
245 ## - TITLE STATEMENT
Title MAHARANA PRATAP
260 ## - PUBLICATION, DISTRIBUTION, ETC. (IMPRINT)
Place of publication NEW DELHI
Name of publisher A.P.H PUBLICATION
Year of publication 2019
650 ## - SUBJECT ADDED ENTRY--TOPICAL TERM
Topical Term PHARMACY
General subdivision B.PHARMA
942 ## - ADDED ENTRY ELEMENTS (KOHA)
Koha item type Books
Holdings
Lost status Damaged status Collection code Home library Current library Shelving location Date acquired Source of acquisition Cost, normal purchase price Full call number Accession Number Koha item type
    Reference JRU Library JRU Library SHELF - 10 - E 15/02/2022 PURCHASE 95.00 954.092 26532 Books
    LIFE SKILL JRU Library JRU Library SHELF-44-H 15/02/2022 PURCHASE 95.00 954.092 26533 Books
    LIFE SKILL JRU Library JRU Library SHELF-44-H 15/02/2022 PURCHASE 95.00 954.092 26534 Books